| 000 | 00648nam a2200205Ii 4500 | ||
|---|---|---|---|
| 003 | JO-AjNU | ||
| 008 | 230605s9999||||xx |||||||||||||| ||und|| | ||
| 017 | _a2005/1/53 | ||
| 040 |
_aJO-AjNU _bara _erda _cJO-AjNU |
||
| 041 | _aara | ||
| 050 | 1 | 4 | _aTL152.S55 2005 |
| 100 | 3 |
_aالشمري ، محمد عبد الرضا , _eauthor _97330 |
|
| 245 | 0 | 0 | _aصيانة السيارات |
| 264 | 3 | 1 | _aعمان:مكتبة المجتمع العربي، 2005 |
| 300 | _a248ص | ||
| 336 |
_atext _btxt _2rdacontent |
||
| 337 |
_aunmediated _bn _2rdamedia |
||
| 338 |
_avolume _bnc _2rdacarrier |
||
| 650 | 4 |
_aالصيانه-خدمات السيارات _97331 |
|
| 999 |
_aA225 _c3793 _d3793 |
||